000 00482nam a2200133 a 4500
008 120416s1973 ||||||||||||||||| || u
050 _aTK 6550 Mol
100 _aMolchanov, A
245 1 0 _aElectrical and radio engineering for physicists
260 _aMoscow
_bMir Publishers
_c1973
300 _a476p. : ill
350 _a0.00
995 _D0.00
_FCBU-MAIN LIBRARY (Kitwe)
_H1
_I1.50
_UAVAILABLE
_ZMain Library Open Access Collection
999 _c41450
_d41450